000 00807nam a2200229Ia 4500
003 GCL
005 20240530103217.0
008 140319s9999 xx 000 0 ara d
040 _aGCL /
_cGCL
082 0 4 _a301.21
_bم ك
100 1 _aالمؤسسة العربية للدراسات والنشر
245 1 0 _aالحرية والديمقراطية وعروبة مصر /
_cالمؤسسة العامة للدراسات والنشر
300 _a335 ص
490 _aكتاب قضايا عربية فى الوحدة العربية وقضاي
_v0
650 0 4 _aالثقافة
650 0 4 _aالوحدة العربية
650 0 4 _aالقومية العربية
650 0 4 _aالتنوير
650 0 4 _aالحرية السياسية
650 0 4 _aجمال عبدالناصر
942 _2ddc
_cBK
999 _c37585
_d37585